000 00910nam a22002657a 4500
001 BR7806428
003 BR-BrBNA
005 20230928085744.0
007 ta
008 230509b bl.||||| |||| 00| 0 por d
040 _aBR-BrBNA
_bpor
_cBiblioteca Nacional de Agricultura
041 _a(Por)
072 _aU20
_b/G514
090 _ U20 BR7806428
100 1 _aAlencar, J.O. de P.
100 1 _aOlimpio, J.A. (ed.)
110 1 _aComissao Estadual de Planejamento Agricola do Piaui, Teresina (Brasil)
_92040
245 1 _aPrograma de modernizacao do setor publico agricola do Piaui. Projeto de criacao e organizacao do Sistema de Informacao Agropecuaria do Piaui [Brasil]
_bConvenio: MA/SUDENE/GOVERNO DO ESTADO/EMATER-PI
260 3 _aTeresina, PI (Brasil):
_c1978.
300 _a28 p.
650 _aSISTEMA DE INFORMACAO
650 _aPIAUI
909 _a202309
_bLucia
_c55
_dLucia Elande
942 _cBK
999 _c26149
_d26149